000 00636nam a2200205Ia 4500
999 _c36717
_d36717
001 2647
003 GE_BSU
005 20230316133812.0
008 181216s2006||||ge |||||||||||||| ||ge ||
040 _cGE_BSU
041 _ageo
080 _a327(4) ფ–81
100 _aფონტენი, პასკალ.
_917215
245 _aევროპა :
_b12 გაკვეთილი /
_cავტ. პასკალ ფონტენი.
264 _aლუქსემბურგი,
_c2006.
300 _a64 გვ.;
_b22 სმ.
541 _h5 ლ.
653 _aევროკავშირი
942 _cBK
_2udc